Statistics for 50 Biggest Cities in Australia

Click here to take the quiz!

General Stats

  • This quiz has been taken 38 times
  • The average score is 24 of 50

Answer Stats

RankState/TerritoryPopulationCity% Correct
2Victoria4,893,870Melbourne
100%
4Western Australia2,045,479Perth
100%
1New South Wales4,914,343Sydney
100%
5South Australia1,340,794Adelaide
96%
3Queensland2,430,180Brisbane
96%
8Australian Capital Territory (New South Wales)462,136Canberra (Queanbeyan)
92%
17Northern Territory133,331Darwin
88%
6Queensland693,671Gold Coast
88%
13Tasmania216,682Hobart
88%
7New South Wales491,474Newcastle
88%
15Queensland153,951Cairns
80%
11New South Wales306,034Wollongong
76%
14Queensland181,668Townsville
72%
9Queensland341,069Sunshine Coast
68%
12Victoria275,794Geelong
64%
21Tasmania88,178Launceston
64%
18Victoria107,652Ballarat
60%
16Queensland138,223Toowoomba
60%
19Victoria100,991Bendigo
56%
10New South Wales335,470Central Coast (Gosford)
56%
20New South Wales94,837Albury
48%
25New South Wales72,541Coffs Harbour
44%
22Queensland80,264Mackay
44%
23Queensland79,081Rockhampton
44%
24Western Australia74,591Bunbury
40%
36New South Wales40,804Orange
40%
28New South Wales56,675Wagga Wagga
36%
45Western Australia34,367Albany
32%
40New South Wales38,767Dubbo
32%
48Western Australia29,326Kalgoorlie-Boulder
32%
27Queensland71,309Bundaberg
28%
42Western Australia37,255Geraldton
28%
33Queensland45,631Gladstone
28%
32New South Wales48,723Port Macquarie
28%
34New South Wales43,188Tamworth
28%
43New South Wales37,191Bathurst
24%
46Tasmania30,629Devonport
24%
49New South Wales28,576Lismore
24%
30Victoria/New South Wales52,176Mildura-Buronga
24%
44Victoria35,523Warrnambool
24%
38Western Australia39,618Busselton
20%
29Queensland55,345Hervey Bay
20%
31Victoria52,104Shepparton-Mooroopna
20%
47South Australia29,767Mount Gambier
16%
41New South Wales37,838Nowra-Bomaderry
16%
37New South Wales40,411Bowral-Mittagong
12%
50New South Wales28,276Nelson Bay
12%
35Victoria42,249Traralgon
12%
26Victoria72,177Melton
8%
39Victoria39,217Warragul
8%

Score Distribution

Percentile by Number Answered

Percent of People with Each Score

Your Score History

You have not taken this quiz